Top 10 meilleurs buteurs de l'Equipe d'Espagne - Statistiques

Statistiques générales
  • Ce quiz a été pris 81 fois
  • Le résultat moyen est 6 sur 11
Statistiques - réponses
Classement Nb Sélection Nb Buts Réponse % Correct
1 98 59 David Villa
87%
3 110 38 Fernando Torres
82%
11 50 23 Ferran Torres
78%
4 87 37 Álvaro Morata
76%
2 102 44 Raúl
76%
10 180 23 Sergio Ramos
61%
8 69 26 Emilio Butragueño
47%
9 31 23 Alfredo Di Stéfano
41%
5 125 35 David Silva
39%
7 47 27 Fernando Morientes
29%
6 89 29 Fernando Hierro
12%
Aucun quiz correspondant
Distribution des résultats
% des personnes avec chaque résultat
Percentile par nombre de réponses
Votre historique - résultats
Vous n’avez pas pris ce quiz